Welcome to the Holygrace Academy Library

Please use search bar below to get started

BALANAY LINCON (Record no. 4650)

MARC details
000 -LEADER
fixed length control field 00323nam a22001457a 4500
020 ## - INTERNATIONAL STANDARD BOOK NUMBER
ISBN 978-93-86208-79-8
082 ## - DEWEY DECIMAL CLASSIFICATION NUMBER
Classification number 894.812
Item number ARP/B
100 ## - MAIN ENTRY--AUTHOR NAME
Personal name ARPOOKKARA, MATHEWS
245 ## - TITLE STATEMENT
Title BALANAY LINCON
260 ## - PUBLICATION, DISTRIBUTION, ETC. (IMPRINT)
Place of publication THRISSUR
Name of publisher H &C PUBLISHING HOUSE
Year of publication 2016
300 ## - PHYSICAL DESCRIPTION
Number of Pages 68
520 ## - SUMMARY, ETC.
Summary, etc NOVELS
650 ## - SUBJECT ADDED ENTRY--TOPICAL TERM
Topical Term NOVELS
942 ## - ADDED ENTRY ELEMENTS (KOHA)
Koha item type Books
Holdings
Withdrawn status Lost status Collection code Home library Current library Shelving location Date acquired Source of acquisition Cost, normal purchase price Full call number Accession Number Koha item type
    Fiction Main Library Main Library SHELF-16- I- MALAYALAM NOVELS,FICTIONS 23/07/2019 Purchase 60.00 894.812 ARP/B 11466 Books